LEADER 01357nam a2200301 a 4500 001 000000127925 003 CaOOAMICUS 005 20120309131502.0 008 120309s2011 it u000 u ita r 020 $a978-88-348-2633-1 040 $aPUL$bita 082 04$a340.1 100 1 $aCananzi, Daniele M.$0(OLS)http://pul/name/70004 245 10$aProfili di filosofia del diritto :$btre maestri della scuola romana: Cotta, Romano, Carcaterra /$cDaniele M. Cananzi. 260 $aTorino :$bG. Giappichelli,$c2011. 300 $a123 p. ;$c22 cm. 500 $aNell'occhietto: Università "Mediterranea" di Reggio Calabria, Filosofia del diritto. 504 $aInclude riferimenti bibliografici. 650 4$aFilosofia del diritto.$0(OLS)http://pul/subject/620 850 $aPUL 852 $aPUL$W1$xSL Diritto e Scienze Sociali 3$y79$m340. 1 CANDA 1$j148074$qDDC 21$B146669$CPULBib$Z2$F146669 $H119002 $82 941 1 $a9 960 $aDiritto$xFilosofia$9620 996 $6020$a978-88-348-2633-1$9(OLS)http://pul/number/149112 996 $6082$a340.1$9(OLS)http://pul/classification/476 996 $6245$aProfili di filosofia del diritto :$btre maestri della scuola romana: Cotta, Romano, Carcaterra$9(OLS)http://pul/title/161666 996 $6260$aTorino :$bG. Giappichelli$9(OLS)http://pul/publisher/49130 LEADER 01418nam a2200325 a 4500 001 000000165843 003 CaOOAMICUS 005 20180209093002.0 008 180209s2017 fr u000 u fre r 020 $a9782711627844* 032 $aLibriCat 040 $aPUL$bita 082 04$a190 100 1 $aFranck, Didier.$0(OLS)http://pul/name/49413 245 13$aLe nom et la chose :$blangue et vérité chez Heidegger /$cpar Didier Franck. 260 $aParis :$bLibrairie philosophique J. Vrin,$c2017. 300 $a300 p. ;$c23 cm. 490 1 $aBibliotheque d'histoire de la philosophie. Nouvelle série 500 $aInclude indice. 504 $aInclude bibliografia in nota. 600 14$aHeidegger, Martin,$d1889-1976$xFilosofia.$0(OLS)http://pul/subject/22528 830 0$aBibliothèque d'histoire de la philosophie.$pNouvelle série$cpar Didier Franck.$0(OLS)http://pul/title/78419 850 $aPUL 852 $aPUL$W1$xSL Filosofia 3$y81$m190 COLL 3.23$j190271$qDDC 21$B193210$CPULBib$Z2$F193210 $H130262 $81 941 1 $a9 996 $6020$a9782711627844*$9(OLS)http://pul/number/163433 996 $6082$a190$9(OLS)http://pul/classification/123 996 $6245$aLe nom et la chose :$blangue et vérité chez Heidegger$9(OLS)http://pul/title/205535 996 $6260$aParis :$bLibrairie philosophique J. Vrin$9(OLS)http://pul/publisher/47887